LIBRARY & INFORMATION CENTRE, KCAET, TAVANUR

ONLINE PUBLIC ACCESS CATALOGUE (OPAC)

Text book of chemistry / (Record no. 10730)

MARC details
000 -LEADER
fixed length control field 00539cam a2200217ua 4500
041 ## - LANGUAGE CODE
Language code of text/sound track or separate title eng
082 ## - DEWEY DECIMAL CLASSIFICATION NUMBER
Classification number 540
Item number KHO/TE
100 ## - MAIN ENTRY--AUTHOR NAME
Personal name Khadakov, Y V .
245 ## - TITLE STATEMENT
Title Text book of chemistry /
260 ## - PUBLICATION, DISTRIBUTION, ETC. (IMPRINT)
Place of publication Delhi :
Name of publisher Rajkamal Prakashan ,
Year of publication 1963.
300 ## - PHYSICAL DESCRIPTION
Number of Pages 448 ; .
700 1# - ADDED ENTRY--PERSONAL NAME
Personal name Epsthtein, D A .
700 1# - ADDED ENTRY--PERSONAL NAME
Personal name Shepovalenco, S G .
700 1# - ADDED ENTRY--PERSONAL NAME
Personal name Travetcov, L A .
942 ## - ADDED ENTRY ELEMENTS (KOHA)
Koha item type Books
Holdings
Withdrawn status Lost status Damaged status Home library Current library Date acquired Full call number Accession Number Koha item type
Withdrawn     KAUAET Sanskrit University 07/04/2012 540 1821 Books
Withdrawn     KAUAET Sanskrit University 07/04/2012 540 3671 Books
free website counter